000
00202nam a22001097a 4500
041
_a
eng
080
_a
80
100
_a
Champion, Sarah
245
_a
Fortune Hotel.
650
_a
Fiction
999
_c
281188
_d
281188
942
_c
BK